000 00180 a2200097 4500
020 _a1564921018
041 _aspa
100 _akohen,Clarita
245 _aEl Agua y tu
942 _cBK
999 _c31749
_d31747